00924pam a2200241 a 4500999001500000001000500015003000900020005001700029008004100046020001500087040002800102082002600130100001900156245008800175260004400263300004400307440005200351504005100403650004700454650004500501942001200546952012400558 c2027d20274764BD-DhUAP20200219105244.0940428s1994 dcua b i001 0 eng  a082132862X aDLCcDLCdBD-DhUAPbEng00a374.012091724 ABA2231 aAbadzi, Helen.10aWhat we know about acquisition of adult literacy :bis there hope? /cHelen Abadzi. aWashington, D.C. :bWorld Bank,cc1994. aix, 93 pages :billustrations ;c28 cm. 0aWorld Bank discussion papers,x0259-210X ;v245 aIncludes bibliographical references and index. 0aFunctional literacyzDeveloping countries. 0aLiteracy programszDeveloping countries. 2ddccBK 00102ddc4070aUAPCLbUAPCLcGeneral Stacksd2020-02-19o374.012091724 ABAp3010004764r2020-02-19t1w2020-02-19yBK